01630nam a2200373Ia 4500001001200000003000800012006001900020007001500039008004100054010001700095020002800112020001800140020001800158040002100176035002100197050002400218245015500242260005100397300002300448490005800471500008400529504004100613533015200654650005500806650003900861651005900900655002900959700002900988700002001017710001701037830005701054856012601111999001901237ebr10216991CaPaEBRm u cr cn|||||||||880802s1989 ilua sb 101 0 eng d z 88020866  z0226733327 (alk. paper) z9780226733180 z9780226733326 aCaPaEBRcCaPaEBR a(OCoLC)56795180814aHJ8899b.D48 1989eb00aDeveloping country debt and economic performance.nVolume 1,pThe international financial systemh[electronic resource] /cedited by Jeffrey D. Sachs. aChicago :bUniversity of Chicago Press,c1989. aix, 400 p. :bill.1 aA National Bureau of Economic Research project report aPapers presented at a conference held in Washington, D.C. on Sept. 21-23, 1987. aIncludes bibliographies and indexes. aElectronic reproduction.bPalo Alto, Calif. :cebrary,d2013.nAvailable via World Wide Web.nAccess may be limited to ebrary affiliated libraries. 0aDebts, ExternalzDeveloping countriesvCongresses. 0aInternational financevCongresses. 0aDeveloping countriesxEconomic conditionsvCongresses. 7aElectronic books.2local1 aCollins, Susan Margaret.1 aSachs, Jeffrey.2 aebrary, Inc. 0aNational Bureau of Economic Research project report.40uhttp://site.ebrary.com/lib/rucke/Doc?id=10216991zAn electronic book accessible through the World Wide Web; click to view c129018d129018